000 00209 a2200097 4500
001 3963
100 _aBartee,T.C
245 _aDigital computer fundamentals
260 _a
_bMcgrawhill
_c
090 _c3192
_d3192
942 _aNUST-CAE
_cM
_c24358
999 _c239036
_d239036